| 000 | 00547nam a22001817a 4500 | ||
|---|---|---|---|
| 003 | CEME | ||
| 005 | 20210628202459.0 | ||
| 008 | 210121b xxu||||| |||| 00| 0 eng d | ||
| 020 | _a81-7224-923-3 | ||
| 040 | _c. | ||
| 082 | _a658.314 GRE | ||
| 100 |
_aGreen, Thad. B _960082 |
||
| 245 | _aMotivation management ,fueling performance by discovering what people believe about themselves and their organizations | ||
| 260 |
_aNEW DELHI _bJAICO PUBLISHER _c2001 |
||
| 300 | _aXX,268P | ||
| 650 |
_aMOTIVATION MANAGEMENT _960083 |
||
| 942 |
_cBK _2ddc |
||
| 999 |
_c569908 _d569908 |
||